| 000 | 00734cam a22002411 4500 | ||
|---|---|---|---|
| 001 | sa 65007619 | ||
| 003 | DLC | ||
| 005 | 20260227112149.0 | ||
| 008 | 890504s1962 ii 000 0 telo | ||
| 010 | _asa 65007619 | ||
| 035 | _a(OCoLC)19655146 | ||
| 040 |
_aDLC _cWaU _dDLC |
||
| 042 | _apremarc | ||
| 050 | 0 | 0 |
_aPL4780.9.N258 _bA64 |
| 100 | 0 |
_aNārunāganārya, _d1903-1973. |
|
| 245 | 1 | 0 | _aAĉcatelun̐gu meĉcula paĉca mruccili. |
| 260 | _c1961 [i.e. 1962] | ||
| 300 |
_aiv, iii, iv, 110, iii p. _c18 cm. |
||
| 500 | _aIn Telugu. | ||
| 500 | _aA poem, based on Nandi Timmana's Pārijātāpaharaṇamu. | ||
| 700 | 0 |
_aNandi Timmana, _dactive 16th century. _tPārijātāpaharaṇamu. |
|
| 740 | 0 | _aPārijātāpaharaṇamu. | |
| 999 |
_c65246 _d65246 |
||